| 000 | 00470nam a2200169Ia 4500 | ||
|---|---|---|---|
| 005 | 20240603061500.0 | ||
| 008 | 240331s9999 xx 000 0 und d | ||
| 082 |
_bEIG _a342 |
||
| 245 | 4 |
_aThe Eighteenth Amendment to the Constitution : _bSubstance and Process |
|
| 260 |
_aColombo _bGlobe Printing Works ( Pvt) Ltd |
||
| 300 | _a188 p., | ||
| 650 | _aLaws | ||
| 650 | _aHuman Rights | ||
| 700 |
_aEdrisinha, Rohan _eedt |
||
| 700 |
_aJayakody, Aruni _eedt |
||
| 942 | _cL | ||
| 999 |
_c5730 _d5730 |
||